| 000 | 00822nam a22002417a 4500 | ||
|---|---|---|---|
| 005 | 20170124105951.0 | ||
| 010 | _aA-946213 | ||
| 020 |
_c00.00 _a8170367417 |
||
| 035 | _aA-946213 | ||
| 037 | _bCen Lib/Ret | ||
| 040 |
_aDPL _bEN |
||
| 082 |
_a332.10954 _bJOS |
||
| 100 |
_aJoshi, Vasant C. _913540 |
||
| 245 |
_aManaging Indian banks : _cby Vasant C. Joshi [and] Vinay V. Joshi _bthe challenges ahead / |
||
| 260 |
_aNew Delhi _bSage Publications _c1998 |
||
| 270 |
_aM-32 Greater Kailash-I _bNew Delhi _e110048 |
||
| 300 |
_a251p. _c21cm(Hb) |
||
| 500 | _aIncludes bibliographical references and index | ||
| 650 |
_aBank management -- India _913541 |
||
| 650 |
_aBanks and banking -- State supervision -- India _913542 |
||
| 700 |
_aJoshi, Vinay V. _913543 |
||
| 942 |
_2ddc _cEN _h332.10954 _mJOS |
||
| 999 |
_c125263 _d125263 |
||